| 000 | 00361nam a22001577a 4500 | ||
|---|---|---|---|
| 003 | MACL | ||
| 005 | 20151223141355.0 | ||
| 008 | 151223b xxu||||| |||| 00| 0 eng d | ||
| 040 | _cMACL | ||
| 041 | _aEnglish | ||
| 082 | _a823/CHA | ||
| 100 |
_aChanda,Ipshita _922427 |
||
| 245 | _aChinua Achebe's Thing Fall Apart | ||
| 650 |
_aNovel _9153 |
||
| 942 |
_2ddc _cBK |
||
| 999 |
_c51673 _d51673 |
||